Karl R. Popper: Hľadanie lepšieho sveta

Podrobná bibliografia
Hlavní autori: Škotka, Marián (Autor), Popper, Karl Raimund, 1902-1994 (Autor)
Médium: Článok
Jazyk:slovenčina
ISSN:1210-1982
Predmet:

MARC

LEADER 00000nab a2200000 a 4500
001 vtls000605623
003 SK-MaSNL
005 20260305042130.0
008 160401c1996 xo 0 slo
015 |a SNBRB19rr/mm-uuuuu 
035 |a CL0605762 
040 |a SNKBUCL  |b slo  |c SNKBUCL  |e AACR2 
041 0 |a slo 
044 |a xo  |c SK 
080 |a 141.201(048)  |2 1981 
100 1 |a Škotka, Marián  |4 aut  |9 968738 
245 1 0 |a Karl R. Popper: Hľadanie lepšieho sveta  |c Marián Škotka 
650 0 7 |a západná civilizácia  |2 snkbucl  |9 1109 
650 0 7 |a sloboda  |2 snkbucl  |9 2170 
655 7 |a články z novín a časopisov  |2 snkbucl  |9 267496 
700 1 |a Popper, Karl Raimund,  |d 1902-1994  |4 aut  |9 108168 
773 0 |x 1210-1982  |t Knižná revue  |g Roč. 6, č. 21 (1996), s. 1 
787 0 8 |i Rec.:  |a Popper, Karl Raimund  |t Hľadanie lepšieho sveta  |d Bratislava : ARCHA, 1996 
850 |a Slovenská národná knižnica v Martine  |a MTA001 
852 |a SNK  |b KIS3GCP 
958 |a GB 
958 |a RK 
958 |a RBX 
999 |c 3346835  |d 3348765